[Event "Swiss Queens Wed #1"]
[Site "FIDE Online Arena INT"]
[Date "2024.01.31"]
[Round "10"]
[White "Charvi, Mehta"]
[Black "Devanshi, Rathi"]
[Result "1-0"]
[WhiteElo "1142"]
[BlackElo "1559"]
[PlyCount "103"]
[EventDate "2024.01.31"]
[EventType "swiss (blitz)"]
[EventRounds "11"]
[EventCountry "NET"]
[SourceTitle "CB06_2024"]
[SourceDate "2024.02.07"]
[SourceVersion "1"]
[SourceVersionDate "2024.02.07"]
[SourceQuality "1"]

1. e4 e5 2. Nf3 Nc6 3. Bc4 Bc5 4. c3 Nf6 5. d3 d6 6. Nbd2 h6 7. 0-0 0-0 8. Re1 Re8 9. Nf1 Be6 10. Bxe6 fxe6 11. Ng3 d5 12. Be3 Bxe3 13. fxe3 dxe4 14. Nxe4 Nxe4 15. dxe4 Qxd1 16. Raxd1 Rad8 17. Kf2 a6 18. Ke2 Kf7 19. Rf1 Ke7 20. Rd2 Rxd2+ 21. Kxd2 Rd8+ 22. Ke2 g5 23. h3 Rd6 24. g4 b5 25. Rd1 Rxd1 26. Kxd1 Kd6 27. Kd2 Na5 28. b3 c5 29. Kc2 Nc6 30. Kd3 a5 31. c4 b4 32. Ne1 Ne7 33. Ng2 Ng6 34. Ne1 Nh4 35. Nc2 Nf3 36. a3 Ng1 37. axb4 axb4 38. Ne1 Nxh3 39. Ke2 Ke7 40. Kf3 Kf7 41. Kg2 Nf4+ 42. exf4 exf4 43. Kf3 Kg6 44. Nd3 h5 45. gxh5+ Kxh5 46. Nxc5 g4+ 47. Kxf4 Kh4 48. Nd3 g3 49. Ne1 Kh3 50. Kf3 e5 51. Ng2 Kh2 52. c5 1-0

[Event "Swiss Queens Wed #1"]
[Site "FIDE Online Arena INT"]
[Date "2024.01.31"]
[Round "7"]
[White "Golsta, Ramona"]
[Black "Charvi, Mehta"]
[Result "1-0"]
[WhiteElo "1770"]
[BlackElo "1142"]
[PlyCount "69"]
[EventDate "2024.01.31"]
[EventType "swiss (blitz)"]
[EventRounds "11"]
[EventCountry "NET"]
[SourceTitle "CB06_2024"]
[SourceDate "2024.02.07"]
[SourceVersion "1"]
[SourceVersionDate "2024.02.07"]
[SourceQuality "1"]

1. d4 Nf6 2. Nf3 e6 3. e3 b6 4. Bd3 Bb7 5. 0-0 d6 6. Re1 Nbd7 7. e4 c5 8. c3 d5 9. e5 Ng8 10. Bg5 f6 11. exf6 gxf6 12. Bh4 Qe7 13. Bb5 0-0-0 14. Qe2 e5 15. dxe5 Nxe5 16. Nxe5 Qxe5 17. Qxe5 fxe5 18. Bxd8 Kxd8 19. Rxe5 Bd6 20. Re8+ Kc7 21. Nd2 a6 22. Bd3 c4 23. Bc2 Bf4 24. Nf3 Bc6 25. Rf8 Bd6 26. Rf7+ Bd7 27. Bf5 Ne7 28. Bxd7 Kxd7 29. Re1 h5 30. Ne5+ Ke6 31. Rxe7+ Kxe7 32. Ng6+ Kd7 33. Nxh8 Be7 34. Ng6 Bf6 35. f4 1-0

[Event "Swiss Queens Wed #1"]
[Site "FIDE Online Arena INT"]
[Date "2024.01.31"]
[Round "5"]
[White "Zhukova, Natalia"]
[Black "Charvi, Mehta"]
[Result "1-0"]
[WhiteElo "2301"]
[BlackElo "1142"]
[PlyCount "63"]
[EventDate "2024.01.31"]
[EventType "swiss (blitz)"]
[EventRounds "11"]
[EventCountry "NET"]
[SourceTitle "CB06_2024"]
[SourceDate "2024.02.07"]
[SourceVersion "1"]
[SourceVersionDate "2024.02.07"]
[SourceQuality "1"]

1. c4 e5 2. Nc3 Nf6 3. Nf3 d5 4. cxd5 Bd6 5. e4 c6 6. d4 cxd5 7. dxe5 dxe4 8. exf6 exf3 9. fxg7 Rg8 10. Bb5+ Nc6 11. Qxf3 Qe7+ 12. Be3 Bd7 13. Nd5 Nd4 14. Bxd7+ Qxd7 15. Qe4+ Ne6 16. Nf6+ Ke7 17. Nxd7 Kxd7 18. Qxb7+ Nc7 19. Rc1 Rxg7 20. 0-0 Rag8 21. g3 h5 22. Rfd1 Rc8 23. Qc6+ Ke7 24. Qxd6+ Ke8 25. Qd7+ Kf8 26. Qxc8+ Ke7 27. Rxc7+ Kf6 28. Rd6+ Ke5 29. Bf4+ Ke4 30. Re7+ Kf3 31. h3 Rg8 32. Re3# 1-0